Представление документа в формате RUSMARC

ПолеНазваниеЗначение
  Тип записи a
  Библиографический уровень a
001 Контрольный номер RU/CBS_UL/BASE/fe8e2314eb4f48d6a4be0ce9f5501395
005 Дата корректировки 20260130165219.9
100 Данные общей обработки __
a Данные общей обработки 20260130 ||| 0rusy0189 ca
101 Язык документа 0_
a Язык текста rus
102 Страна публикации __
a Страна публикации RU
200 Заглавие и сведения об ответственности 1_
a Заглавие Молдова: terra incognita в сердце Европы
e Сведения, относящиеся к заглавию [путешествие по Молдове]
f Первые сведения об ответственности О. Сидоряка
300 Общие примечания __
a Общие примечания 16+
461 Уровень набора _0
1 2000
a Кудесница
463 Уровень физической единицы _0
1 2000
a № 11
v С. 46-49 : фото
1 2101
d 2025
1 001RU/CBS_UL/BASE/cf7c0a8cc73b4d0796646e20a75119ef
606 Тематические рубрики 0_
a Основная рубрика Молдова, Республика - Путешествия
y Географическая подрубрика Молдова, Республика
610 Ключевые слова 0_
a Ключевые слова страны Европы
610 Ключевые слова 0_
a Ключевые слова европейские страны
610 Ключевые слова 0_
a Ключевые слова страны европейские
610 Ключевые слова 0_
a Ключевые слова достопримечательности Молдовы
610 Ключевые слова 0_
a Ключевые слова монастыри Молдовы
610 Ключевые слова 0_
a Ключевые слова природа Молдовы
686 Индексы других классификаций __
2 Код системы rubbk
a Классификационный индекс 26.89(4Мол)
700 Автор _1
a Фамилия Сидоряка
b Имя (инициалы) О.
801 Источник записи _0
a Страна RU
b Организация МБУК ЦБС г. Ульяновска
c Дата составления 20260130
g Правила каталогизации RCR
801 Источник записи _1
a Страна RU
b Организация МБУК ЦБС г. Ульяновска
c Дата составления 20260130
g Правила каталогизации RCR
901 Тип документа __
t Тип документа b
w Контрольный № источника RU/CBS_UL/BASE/cf7c0a8cc73b4d0796646e20a75119ef
909 Создатель записи __
a Создатель записи lib2